00721 2200277 4500001002100000005001700021008004100038020001800079035002400097082001200121090001900133111002600152245005000178250001100228260003100239300002500270500003100295650002500326650001800351850001300369980001300382985000600395986001000401999001700411990001500428YOGYA-0209000001883720090227022919.0 ind  a979-413-287-x 0010-020900000018837 a635.513 a635.513bAks B aAKSI AGRARIS KANISIUS aBeternak ayam pedagingcAksi Agraris Kanisius aCet. 8 aYogyakartabKanisiusc1994 a124 hlmbilusc21 cm aBibliografi : hlm. 121-122 aTernak ayam pedaging aAyam pedaging aYOPDYOGB a20-02-06 a1 artrev a6a93P0037057 a48534-P/94